Grundlagen der Mikroökonomik
| Titel: | Grundlagen der Mikroökonomik : Ein integrativer Ansatz / von Martin Kolmar |
|---|---|
| Verfasser: | |
| Ausgabe: | 2nd ed. 2021 |
| Veröffentlicht: | Berlin, Heidelberg : Springer Berlin Heidelberg, 2021 |
| Umfang: | 1 Online-Ressource (XVII, 552 Seiten) : 100 Abb. |
| Format: | E-Book |
| Sprache: | Deutsch |
| Andere Ausgaben: |
Erscheint auch als Druck-Ausgabe: Kolmar, Martin. Grundlagen der Mikroökonomik. - Berlin, Heidelberg : Springer Berlin Heidelberg, 2021
|
| ISBN: | 9783662633625 ; 3662633620 ; 978--366263361-8 |
| Hinweise zum Inhalt: |
Inhaltsverzeichnis
Ausführliche Beschreibung |
alg: 48746165 001A $06055:05-11-21 001B $06055:01-12-25 $t04:05:25.000 001D $06055:05-11-21 001U $0utf8 001X $00 002@ $0Oax 002C $aText $btxt $2rdacontent 002D $aComputermedien $bc $2rdamedia 002E $aOnline-Ressource $bcr $2rdacarrier 003@ $0487461657 004A $A978-3-662-63362-5 004A $03-662-63362-0 004E/04 $0SpringerNature-11775 $fSubject Collection Business and Economics (German Language) 004O $A978---366263361-8 $Sp 004P $010.1007/978-3-662-63362-5 $SV60 007A $0487461657 $aHEB 007I $0Springer978-3-662-63362-5 009P $qtext/html $3Inhaltsverzeichnis $uhttp://scans.hebis.de/HEBCGI/show.pl?48746165_toc.html $mX:DE-He213 009P $qtext/html $3Ausführliche Beschreibung $uhttp://scans.hebis.de/HEBCGI/show.pl?48746165_aub.html $mX:DE-He213 009Q $SV60 $uhttps://doi.org/10.1007/978-3-662-63362-5 $xR 010@ $ager 010E $erda 011@ $a2021 013D $RAnleitung $RRatgeber $#Abriss $#Leitfaden $#Programmierte Einführung Formschlagwort $#Repetitorium Formschlagwort $#Populärwissenschaftliche Darstellung Formschlagwort $#Kompendium Einführung $#Lehrbuch Einführung $74151278-9 $8Einführung [Ts1] $9085626856 017B $aZDB-2-SWI 021A $aGrundlagen der Mikroökonomik $dEin integrativer Ansatz $hvon Martin Kolmar 028A $aKolmar $BVerfasser $dMartin $4aut 032@ $a2nd ed. 2021 033A $pBerlin, Heidelberg $nSpringer Berlin Heidelberg 033E $pCham $nSpringer International Publishing AG 034D $a1 Online-Ressource (XVII, 552 Seiten) 034M $a100 Abb. 039D $aErscheint auch als $tGrundlagen der Mikroökonomik $dBerlin, Heidelberg $eSpringer Berlin Heidelberg $f2021 $z978-3-662-63361-8 $lKolmar, Martin $nDruck-Ausgabe 044A $aLaw and economics $S#0 $N650 044A $aMicroeconomics $S#0 $N650 044A $aInternational economic relations $S#0 $N650 044A $aPower resources $S#0 $N650 044A $aEnvironmental economics $S#0 $N650 044A $aLaw and Economics $S14 $N650 044A $aMicroeconomics $S24 $N650 044A $aInternational Economics $S24 $N650 044A $aResource and Environmental Economics $S24 $N650 044K $RWirtschaftstheorie $RVolkswirtschaftslehre $#Microeconomics $#Microéconomie $#Microeconomía $#Mikroökonomik $#Mikroökonomie $#Mikroökonomie $#Mikroökonomik $74039225-9 $8Mikroökonomie [Ts1] $9085106909 045B $a343.07 $eDDC23eng 045B $a338.9 $eDDC23eng 045B $a330 $eDDC23eng 045E $c340 lok: 48746165 3 101B $012-11-21 $t08:57:28.000 101C $012-11-21 101U $0utf8 145S/01 $a008 exp: 48746165 3 1 #EPN 201B/01 $011-11-21 $t13:26:21.000 201C/01 $005-11-21 201U/01 $0utf8 203@/01 $01172418233 204P/01 $010.1007/978-3-662-63362-5 $SV60 208@/01 $a05-11-21 $bl 209B/01 $a502 $x05 lok: 48746165 5 exp: 48746165 5 1 #EPN 201B/01 $005-11-21 $t22:52:44.281 201C/01 $005-11-21 201U/01 $0utf8 203@/01 $01172418241 204P/01 $010.1007/978-3-662-63362-5 $SV60 208@/01 $a05-11-21 $bl lok: 48746165 8 exp: 48746165 8 1 #EPN 201B/01 $005-11-21 $t22:52:44.285 201C/01 $005-11-21 201U/01 $0utf8 203@/01 $0117241825X 204P/01 $010.1007/978-3-662-63362-5 $SV60 208@/01 $a05-11-21 $bl lok: 48746165 10 exp: 48746165 10 1 #EPN 201B/01 $005-11-21 $t22:52:44.289 201C/01 $005-11-21 201U/01 $0utf8 203@/01 $01172418268 204P/01 $010.1007/978-3-662-63362-5 $SV60 208@/01 $a05-11-21 $bl lok: 48746165 11 exp: 48746165 11 1 #EPN 201B/01 $005-11-21 $t22:52:44.292 201C/01 $005-11-21 201U/01 $0utf8 203@/01 $01172418276 204P/01 $010.1007/978-3-662-63362-5 $SV60 208@/01 $a05-11-21 $bl lok: 48746165 20 exp: 48746165 20 1 #EPN 201B/01 $005-11-21 $t22:52:44.296 201C/01 $005-11-21 201U/01 $0utf8 203@/01 $01172418284 204P/01 $010.1007/978-3-662-63362-5 $SV60 208@/01 $a05-11-21 $bl lok: 48746165 21 exp: 48746165 21 1 #EPN 201B/01 $005-11-21 $t22:52:44.299 201C/01 $005-11-21 201U/01 $0utf8 203@/01 $01172418292 204P/01 $010.1007/978-3-662-63362-5 $SV60 208@/01 $a05-11-21 $bl lok: 48746165 23 exp: 48746165 23 1 #EPN 201B/01 $005-11-21 $t22:52:44.303 201C/01 $005-11-21 201U/01 $0utf8 203@/01 $01172418306 204P/01 $010.1007/978-3-662-63362-5 $SV60 208@/01 $a05-11-21 $bl lok: 48746165 25 exp: 48746165 25 1 #EPN 201B/01 $005-07-23 $t16:01:49.000 201C/01 $005-11-21 201U/01 $0utf8 203@/01 $01172418314 204P/01 $010.1007/978-3-662-63362-5 $SV60 208@/01 $a05-11-21 $bl 209A/01 $a018 28B 434,2.Aufl. $h28B 434,2.Aufl. $x01 lok: 48746165 49 exp: 48746165 49 1 #EPN 201B/01 $005-11-21 $t22:52:44.309 201C/01 $005-11-21 201U/01 $0utf8 203@/01 $01172418322 204P/01 $010.1007/978-3-662-63362-5 $SV60 208@/01 $a05-11-21 $bl lok: 48746165 204 exp: 48746165 204 1 #EPN 201B/01 $005-11-21 $t22:52:44.314 201C/01 $005-11-21 201U/01 $0utf8 203@/01 $01172418330 204P/01 $010.1007/978-3-662-63362-5 $SV60 208@/01 $a05-11-21 $bl lok: 48746165 205 exp: 48746165 205 1 #EPN 201B/01 $024-05-22 $t13:59:38.000 201C/01 $005-11-21 201U/01 $0utf8 203@/01 $01172418349 204P/01 $010.1007/978-3-662-63362-5 $SV60 208@/01 $a24-05-22 $bla 209B/01 $aebo $x05 209B/01 $aspw $x06 209C/01 $anel2205qa 209C/01 $anel2205pa
| LEADER | 00000cam a22000002c 4500 | ||
|---|---|---|---|
| 001 | 487461657 | ||
| 003 | DE-603 | ||
| 005 | 20251201040525.0 | ||
| 007 | cr|||||||||||| | ||
| 008 | 211105s2021 xx |||| o| u00||u|ger c | ||
| 020 | |a 9783662633625 | ||
| 020 | |a 3662633620 | ||
| 024 | 7 | |a 10.1007/978-3-662-63362-5 |2 doi | |
| 028 | 5 | 2 | |a SpringerNature-11775 |
| 035 | |a (DE-599)HEB487461657 | ||
| 040 | |a DE-603 |b ger |c DE-603 |d DE-603 |e rda | ||
| 041 | |a ger | ||
| 082 | 7 | |a 343.07 |2 23/eng | |
| 083 | 7 | |a 338.9 |2 23/eng | |
| 083 | 7 | |a 330 |2 23/eng | |
| 084 | |a 340 |q DE-101 |2 sdnb | ||
| 100 | 1 | |a Kolmar, Martin |e Verfasser |4 aut | |
| 245 | 0 | 0 | |a Grundlagen der Mikroökonomik |b Ein integrativer Ansatz |c von Martin Kolmar |
| 250 | |a 2nd ed. 2021 | ||
| 264 | 1 | |a Berlin, Heidelberg |b Springer Berlin Heidelberg |c 2021 | |
| 264 | 2 | |a Cham |b Springer International Publishing AG | |
| 300 | |a 1 Online-Ressource (XVII, 552 Seiten) |b 100 Abb. | ||
| 336 | |a Text |b txt |2 rdacontent | ||
| 337 | |a Computermedien |b c |2 rdamedia | ||
| 338 | |a Online-Ressource |b cr |2 rdacarrier | ||
| 650 | 7 | |a Mikroökonomie |0 (DE-588)4039225-9 |0 (DE-603)085106909 |2 gnd | |
| 655 | 7 | |a Einführung |2 gnd-content |0 (DE-588)4151278-9 |0 (DE-603)085626856 | |
| 776 | 0 | 8 | |i Erscheint auch als |n Druck-Ausgabe |a Kolmar, Martin |t Grundlagen der Mikroökonomik |d Berlin, Heidelberg : Springer Berlin Heidelberg, 2021 |z 9783662633618 |
| 776 | 1 | |z 978--366263361-8 | |
| 856 | |u https://doi.org/10.1007/978-3-662-63362-5 |x Resolving-System | ||
| 856 | 4 | 2 | |m X:DE-He213 |q text/html |u http://scans.hebis.de/HEBCGI/show.pl?48746165_toc.html |3 Inhaltsverzeichnis |
| 856 | 4 | 2 | |m X:DE-He213 |q text/html |u http://scans.hebis.de/HEBCGI/show.pl?48746165_aub.html |3 Ausführliche Beschreibung |
| 912 | |a ZDB-2-SWI | ||
| 924 | 1 | |9 603 |a (DE-603)1172418233 |b DE-603 |c HES |d d | |
| 924 | 1 | |9 603 |a (DE-603)1172418241 |b DE-603 |c HES |d d | |
| 924 | 1 | |9 603 |a (DE-603)117241825X |b DE-603 |c HES |d d | |
| 924 | 1 | |9 603 |a (DE-603)1172418268 |b DE-603 |c HES |d d | |
| 924 | 1 | |9 603 |a (DE-603)1172418276 |b DE-603 |c HES |d d | |
| 924 | 1 | |9 603 |a (DE-603)1172418284 |b DE-603 |c HES |d d | |
| 924 | 1 | |9 603 |a (DE-603)1172418292 |b DE-603 |c HES |d d | |
| 924 | 1 | |9 603 |a (DE-603)1172418306 |b DE-603 |c HES |d d | |
| 924 | 1 | |9 603 |a (DE-603)1172418314 |b DE-603 |c HES |d d | |
| 924 | 1 | |9 603 |a (DE-603)1172418322 |b DE-603 |c HES |d d | |
| 924 | 1 | |9 603 |a (DE-603)1172418330 |b DE-603 |c HES |d d | |
| 924 | 1 | |9 603 |a (DE-603)1172418349 |b DE-603 |c HES |d d | |